| 000 | 00753cam a2200193 a 4500 | ||
|---|---|---|---|
| 020 | _a0262611597 | ||
| 040 | _cDLC | ||
| 082 | 0 | 0 | _a070 INT 2000 C158 Or. |
| 245 | 0 | 0 |
_aInternet publishing and beyond : _bthe economics of digital information and intellectual property / |
| 260 |
_aCambridge, Mass. : _bMIT Press, _cc2000. |
||
| 300 |
_avi, 243 p. : _bill. ; _c23 cm. |
||
| 500 | _a"A publication of the Harvard Information Infrastructure Project in collaboration with the School of Information Management and Systems at the University of California at Berkeley." | ||
| 650 | 0 | _aInternet publishing | |
| 650 | 0 | _aIntellectual property | |
| 650 | 0 | _aTechnological innovations | |
| 700 | 1 | _aKahin, Brian. | |
| 700 | 1 | _aVarian, Hal R. | |
| 942 | _cAEDBB | ||
| 999 |
_c19033 _d19033 |
||